LEADER 00919nam a2200217 i 4500 001 000000147079 003 CaOOAMICUS 005 20060123000000.0 008 060123s1989 it u000 u ita u 013 $a124066 040 $aSeMil$bita 100 1 $aBaj, Ferdinando <1911-1997>.$0(OLS)http://semarc/name/11860 245 10$aBreviario della Terza Età :$bAnziani in preghiera /$cFerdinando Baj. 260 $aBrezzo di Bedero (VA) :$bSalcom,$c1989. 300 $a131 p. :$bill. ;$c17 cm. 650 4$aAnziani - Preghiere - Testi.$0(OLS)http://semarc/subject/28747 850 $aSeMil 852 $aSeMil$W1$xVenegono$y1$m3K I 90$j99672$B99672$CSeMilBibl$Z2$F108350 $81 961 $aRecupero: Biblioteca Seminario Seveso (dal 1998) 996 $6245$aBreviario della Terza Età :$bAnziani in preghiera$9(OLS)http://semarc/title/215097 996 $6260$aBrezzo di Bedero (VA) :$bSalcom$9(OLS)http://semarc/publisher/32180 LEADER 00968nam a2200229 i 4500 001 000000044409 003 CaOOAMICUS 005 20091012000000.0 008 091012s1910 gw u000 u ger u 013 $a15579 040 $aSeMil$bita 100 1 $aRuville, Albert : von <1855-1934>.$0(OLS)http://semarc/name/22088 245 10$aZurück zur heiligen Kirche :$bErlebnisse und Erkenntnisse eines Convertiten /$cvon Albert von Ruville. 250 $a19.-28. Aufl. 260 $aBerlin :$bH. Walther,$c1910. 300 $a143 p. ;$c24 cm. 650 4$aChiesa.$0(OLS)http://semarc/subject/3309 650 4$aChiesa - Conversione.$0(OLS)http://semarc/subject/9502 850 $aSeMil 852 $aSeMil$W1$xVenegono$y1$m2B IV 65$j10564$B10564$CSeMilBibl$Z2$F10564 $81 996 $6245$aZurück zur heiligen Kirche :$bErlebnisse und Erkenntnisse eines Convertiten$9(OLS)http://semarc/title/65670 996 $6260$aBerlin :$bH. Walther$9(OLS)http://semarc/publisher/40561